000 00643nam a22002297a 4500
003 UA-OsUOA
001 69893
007 ta
008 20100708b un ||||| |||| 00| 0 ukr d
100 _aКорищенко К.
700 _aСоловьева И.
090 _a330
_bК66
942 _cSA
040 _aUA-OsUOA
_brus
_cUA-OsUOA
_dUA-OsUOA
245 _aНовые вызовы в регулировании финансового сектора в условиях кризиса
300 _aС.100-113
955 _a0
041 _arus
080 _a330
773 0 _w69892
650 7 _a330 Економіка взагалі
_2UDC
999 _c356241
_d356241